000 01162nam a22003137a 4500
001 000403
003 DO-SdBNP
005 20180201151045.0
007 000403
008 160719b 1987 sp a xxu||||| |||| 00| 0 spa d
020 _a8434586231
040 _aBPMSU
_bspa
_cBPMSU
092 _axxxxx
_bxxxxx
100 1 _aHofman, Ota,
_d1928-
240 1 0 _a Pan Tau a tisic zazrakú.
_lEspañol
245 1 0 _aPan Tau :
_bsu historia completa, cómo se perdió y cómo volvieron a encontrarle /
_cPan Tau [Texto impreso] : su historia completa, cómo sOta Hofman ; traducción de Lola Romero ; ilustraciones de Günther Lawrenz.
260 _aBarcelona :
_bSalvat,
_c1987.
300 _av. :
_bil ;
_c22 cm.
490 1 _aBiblioteca juvenil
_v43
500 _aIncluye datos biográficos del autor en la solapa de la contracubierta.
500 _aTitulo original :Pan Tau a tisic zazrakú
505 0 _gv. 1
_tLlega Pan Tau --
700 1 2 _aRomero, Lola,
_etr.
700 1 2 _aLawrenz, Günther,
_eil.
830 0 _pBiblioteca juvenil ;
_v43
942 _2ddc
_cBK
945 _aInventariado, 2018 / BT
956 _2LOPEREZ
_310
_620160719
_8BPMSU
_a00041
999 _c10948
_d10948